000 00536nam a2200193Ia 4500
003 OSt
005 20221007083147.0
006 a|||||r|||| 00| 0
007 ta
008 221006b |||||||| |||| 00| 0 eng d
024 _a22,798
037 _cDissertations
040 _aFLL
_cFLL
_beng
041 _2eng
_aeng
100 _aKhadaka S.S.
_9700376
245 0 _aAbuse of administrative descretionary powers and its judicial review with reference to Nepal
942 _cDIS
_2CC
999 _c1169044
_d1169044